| 000 | 00707nam a2200241Ia 4500 | ||
|---|---|---|---|
| 003 | OSt | ||
| 005 | 20220927105729.0 | ||
| 006 | a|||||r|||| 00| 0 | ||
| 007 | ta | ||
| 008 | 220926b |||||||| |||| 00| 0 eng d | ||
| 020 | _a9780859932785 | ||
| 024 | _a203599 | ||
| 037 | _cReference Collections | ||
| 040 |
_aRTL _cRTL _beng |
||
| 041 |
_2eng _aeng |
||
| 082 | _a"X0gF, Q3" | ||
| 100 |
_aMOIR Hazel V J _9374539 |
||
| 245 | 0 |
_aPatent policy and innovation _b Do legal rules deliver effective economic outcomes? |
|
| 260 |
_a"Cheltenham," _b"Edward Elgar, " _c2013 |
||
| 300 |
_a"xv, 238p" _ccm. |
||
| 942 |
_h"X0gF, Q3" _cCC |
||
| 999 |
_c694217 _d694217 |
||